| 000 | 01082nam a22003257a 4500 | ||
|---|---|---|---|
| 003 | CHAP | ||
| 005 | 20220329135703.0 | ||
| 008 | 971013s1991 r 00010 d | ||
| 010 | _a40580 | ||
| 011 | _a41552 | ||
| 035 | _a45678 | ||
| 040 | _cCHAP | ||
| 082 |
_a676 _bB3 |
||
| 100 | 0 | 0 |
_aBack, Ernst L. _99301 |
| 245 |
_aDevelopment in drying technologies _b: a literature review |
||
| 260 |
_aSurrey, England : _bPira International, _c1991 |
||
| 300 | _ac.a. 117 p. | ||
| 490 | _aPIRA reviews of pulp and paper technology | ||
| 590 |
_aBATCH-UPD _b10 _c20130110 _lUCH01 _h0220 |
||
| 590 |
_aBATCH-UPD _b10 _c20130110 _lUCH01 _h1348 |
||
| 590 |
_aBATCH-UPD _b10 _c20130410 _lUCH01 _h1121 |
||
| 590 |
_aBATCH-UPD _b10 _c20130914 _lUCH01 _h0531 |
||
| 590 |
_aCONVERSION _b10 _c20130109 _lUCH01 _h1322 |
||
| 650 | 1 | 4 |
_aPapel _xFabricación y comercio. _985372 |
| 650 | 1 | 4 |
_aPulpa de madera. _993003 |
| 830 | 0 |
_aPIRA reviews of pulp and paper technology _988497 |
|
| 901 | _aBK | ||
| 942 | _cLIBRO | ||
| 949 |
_a676 B3 _bBC _cLIBRO _d33724000000543 _eLIBRO _gI.175637 _h88608 _i45678 _si _t347.00 |
||
| 999 |
_c40580 _d40580 |
||